Antoni Gaudí : 1852-1926 : antología contemporánea /

La evolución de la obra de Antoni Gaudí (Reus, 1852 – Barcelona, 1926) pone de manifiesto que parte de los principios del gótico, pero paulatinamente los trasciende –y se aleja del neogótico- para crear una obra que resulta esencial para la arquitectura moderna y que lo ha convertido, quizá, en el p...

Whakaahuatanga katoa

I tiakina i:
Ngā taipitopito rārangi puna kōrero
Kaituhi matua: Lahuerta, Juan José (ed.)
Hōputu: Pukapuka
Reo:Pāniora
I whakaputaina: Madrid, España : Alianza, 2002, c2002
Rangatū:(Alianza Forma ; 146)
Ngā marau:
Ngā Tūtohu: Tāpirihia he Tūtohu
Kāore He Tūtohu, Me noho koe te mea tuatahi ki te tūtohu i tēnei pūkete!

MARC

LEADER 00000nam^a2200000^a^4500
001 000154481
005 20250521000000.0
009 20260310100354.743
020 |a 84-206-4160-X 
037 |a Acervo ITESO - Biblioteca 
041 |a ESP 
082 |a 720. 946  |b LAH 
100 |a Lahuerta, Juan José  |e (ed.) 
240 1 1 |a [Antoni Gaudí : 1852-1926] 
245 1 0 |a Antoni Gaudí :  |b 1852-1926 : antología contemporánea /  |c Ed. de J.J. Lahuerta. 
264 4 |a Madrid, España :  |b Alianza,  |c 2002, c2002 
300 |a 195 p. 
336 |a texto  |b txt  |2 rdacontenido 
337 |a sin mediación  |b n  |2 rdamedio 
338 |a volumen  |b nc  |2 rdasoporte 
440 1 |a (Alianza Forma ;  |v 146) 
520 |a La evolución de la obra de Antoni Gaudí (Reus, 1852 – Barcelona, 1926) pone de manifiesto que parte de los principios del gótico, pero paulatinamente los trasciende –y se aleja del neogótico- para crear una obra que resulta esencial para la arquitectura moderna y que lo ha convertido, quizá, en el principal exponente del art nouveau. Como ya ha evidenciado el estudio del trabajo del arquitecto catalán, en su obra y en la consecuente propuesta de modernidad que hace, juegan un papel central los componentes geométricos y estructurales. El inconcluso Templo Expiatorio de la Sagrada Familia (1883-1926), el Palacio Güell (1886-90), el Parque Güell (1900-14), la Casa Batlló (1904-06) y la Casa Milà (1906-10, llamada popularmente La Pedrera) representan, entre otros edificios de Gaudí, momentos cumbres de la arquitectura moderna. 
649 |a XX 
650 |a Arquitectos Españoles 
650 |a Artistas Españoles 
650 |a Art Nouveau -  |z España 
650 |a Arquitectura Moderna -  |z España 
650 |a Arquitectura Española 
650 |a Arte Moderno -  |z España 
650 |a Arte Español 
650 |a Gaudí, Antoni -  |x Tema Principal 
910 |a Fondo General 
920 |a Impresos - Libros 
930 |a Colección General 
905 |a 101 
901 |a 0500086033  |b IT1  |c ACC  |u 20250521 
902 |a https://opac.biblio.iteso.mx/vufind/Record/000154481